01651nam a22004337a 4500003000400000005001700004008004100021040002200062082001400084100003800098245004500136260005600181300001800237366000800255490002300263505004500286505004400331505002500375505004000400505007400440505002100514505002100535505001500556505003400571505008300605505007800688505001700766505001200783505001500795650004100810650005000851650004300901650004800944650004300992650004401035650004801079650004701127650004301174OSt20230413141810.0221006b |||||||| |||| 00| 0 eng d cBiblioteca Lado V a700bK41a aRuiz, Margaritaeeditoredirector aArte Cubano/bRevista de Artes Visuales/ bConsejo Nacional de las Artes Plasticasc1998aCuba c21x28cma98p. espa v1998a2x1024 8439 tContrapunto de carreno los anos cubanos  tMuseo Nacional. Palacio de Bellas artes tDiscursos de mujeres tBejarano: el cambio como compromiso tCarlos Garaicoa: jugar a la memoria, entre la historia y la ficción tVisiones del Che tAdelaida de Juan tCentenario tSosabravo: original y diverso tLecturasaPoesia La mano pinta al abanico Del estarcido al original multiple tPatrimonioaLa cultura popular en las marquillas tabacaleras y cigarreras tExposiciones tMirador tResumenes  2Tesauro de Arte & ArquitecturaaARTE 2Tesauro de Arte & ArquitecturaaEXPOSICIONES  2Tesauro de Arte & ArquitecturaaBIENAL 2Tesauro de Arte & ArquitecturaaAPRECIACION 2Tesauro de Arte & ArquitecturaaTEORIA 2Tesauro de Arte & ArquitecturaaCRITICA 2Tesauro de Arte & ArquitecturaaFOTOGRAFIA  2Tesauro de Arte & ArquitecturaaLITERATURA 2Tesauro de Arte & ArquitecturaaCUBANO